00750nam a2200205 a 450000100100000000500170001000800410002704000250006808200210009310000280011424500580014225000120020026000460021230000280025850000640028650400330035065000480038365000560043165000570048700003891120201002031421.0130503s2003 dr a 001 0 spa d aDO-SdBNPbspacBNPHU a510bL462f, 20031 aLeclerc J., Luis Rafael10aFundamentos de matemática /cLuis Rafael Leclerc J. a3a. ed. aSanto Domingo :bGráficas ITESA,c2003. a413 p. :bil. ;c22 cm. aIncluye datos biográficos del autor en la contracubierta. aBibliografía : p. 410-413. 4aMatemáticasxProblemas y ejercicios, etc. 4aTeoría de conjuntosxProblemas y ejercicios, etc. 4aTeoría de ecuacionesxProblemas y ejercicios, etc.